El misterio de la Iglesia / (Record no. 44587)

MARC details
000 -LEADER
campo de control de longitud fija 00694nam a2200217 i 4500
001 - NÚMERO DE CONTROL
campo de control 44587
003 - IDENTIFICADOR DE NÚMERO DE CONTROL
campo de control ES-MaACL
005 - FECHA Y HORA DE LA ÚLTIMA TRANSACCIÓN
campo de control 20230906161047.0
007 - CAMPO FIJO DE DESCRIPCIÓN FÍSICA--INFORMACIÓN GENERAL
campo de control de longitud fija t|
008 - DATOS DE LONGITUD FIJA--INFORMACIÓN GENERAL
campo de control de longitud fija 030321s1946 sp ||||1| spa d
100 1# - ENTRADA PRINCIPAL--NOMBRE DE PERSONA
Nombre de persona Clerissac, Humbert.
9 (RLIN) 39229
245 13 - MENCIÓN DEL TÍTULO
Título El misterio de la Iglesia /
Mención de responsabilidad, etc. Humbert Clerissac ; [traducción de A.V. ; prólogo, José Guerra Campos].
260 ## - PUBLICACIÓN, DISTRIBUCIÓN, ETC.
Lugar de publicación, distribución, etc. [Madrid :
Nombre del editor, distribuidor, etc. Ediciones y Publicaciones Españolas,
Fecha de publicación, distribución, etc. 1946] (
Fabricante S. Aguirre)
300 ## - DESCRIPCIÓN FÍSICA
Extensión XLIV, 148 p. ;
Dimensiones 22 cm.
490 1# - MENCIÓN DE SERIE
Mención de serie Sol y luna
650 #4 - PUNTO DE ACCESO ADICIONAL DE MATERIA--TÉRMINO DE MATERIA
Término de materia o nombre geográfico como elemento de entrada Cuerpo místico.
9 (RLIN) 146588
700 1# - ENTRADA AGREGADA--NOMBRE PERSONAL
Nombre de persona Guerra Campos, José.
9 (RLIN) 60505
830 1# - PUNTO DE ACCESO ADICIONAL DE SERIE-TÍTULO UNIFORME
Título uniforme Sol y luna
9 (RLIN) 184449
852 ## - LOCALIZACIÓN
Ubicación ES-MaACL
Número de control de estantería E-1779
Holdings
Estatus retirado Estado de pérdida Estado de daño No para préstamo Biblioteca de origen Biblioteca actual Ubicación en estantería Fecha de adquisición Fuente de adquisición Total de préstamos Signatura topográfica completa Código de barras Visto por última vez Precio de reemplazo Tipo de ítem Koha
        Biblioteca del Ateneo de Madrid Biblioteca del Ateneo de Madrid Depósito 2 17/01/2008     E-1779 1046929 23/02/2023 23/02/2023 Libro impreso